Most Streamed Kid Cudi Songs - Statistics

General Stats
  • This quiz has been taken 60 times
    9 since last reset
  • The average score is 11 of 20
Answer Stats
# Streams Answer % Correct
14 217,287,155 Day 'N' Nite - Crookers Remix
100%
2 1,058,381,120 Day 'N' Nite (nightmare)
100%
1 1,411,786,674 Memories
83%
9 317,373,698 Memories - 2021 Remix
83%
5 723,015,143 Mr. Rager
83%
6 722,943,140 Pursuit Of Happiness - Extended Steve Aoki Remix
83%
3 1,006,784,699 Pursuit Of Happiness (Nightmare)
83%
4 878,915,456 THE SCOTTS
83%
18 125,735,075 Cudi Zone
50%
7 372,481,665 Erase Me - Main
50%
10 281,488,405 Gorgeous
50%
11 272,613,253 Just What I Am
50%
8 348,728,041 Soundtrack 2 My Life
50%
12 271,644,768 Tequila Shots
50%
19 125,177,943 Marijuana
33%
15 164,677,945 Up Up & Away
33%
17 127,957,710 A$AP Forever REMIX
17%
16 150,434,776 IMY2
17%
20 119,667,623 Maui Wowie
17%
13 238,293,853 Show Out
17%
No matching quizzes found
Score Distribution
Percent of People with Each Score
Percentile by Number Answered
Your Score History
You have not taken this quiz since the last reset